Score 0/28 Timer 04:00
0 Plays Today
Victories Tribute/Winner % Correct
Winner of 74th Hunger Games
Tribute of 75th Hunger Games
Katniss Everdeen
98.5%
Winner of 74th Hunger Games
Tribute of 75th Hunger Games
Peeta Mellark
95.8%
Winner of 50th Hunger GamesHaymitch Abernathy
87.7%
Winner of 65th Hunger Games
Tribute of 75th Hunger Games
Finnick Odair
81%
Tribute of 74th Hunger GamesRue
79.9%
Tribute of 74th Hunger GamesCato
74%
Tribute of 74th Hunger GamesGlimmer
69.8%
Tribute of 74th Hunger GamesThresh
69.5%
Tribute of 74th Hunger GamesFoxface
69%
Winner of unknown Hunger Games
Tribute of 75th Hunger Games
Johanna Mason
67.9%
Winner of unknown Hunger Games
Tribute of 75th Hunger Games
Mags
67.5%
Winner of 70th Hunger GamesAnnie Cresta
66.2%
Winner of unknown Hunger Games
Tribute of 75th Hunger Games
Beetee
66.1%
Tribute of 74th Hunger Games Clove
64.9%
Victories Tribute/Winner % Correct
Winner of unknown Hunger Games
Tribute of 75th Hunger Games
Wiress
63.2%
Tribute of 74th Hunger GamesMarvel
58.9%
Winner of 62nd Hunger Games
Tribute of 75th Hunger Games
Enobaria
52.5%
Winner of unknown Hunger Games
Tribute of 75th Hunger Games
Gloss
52.3%
Winner of unknown Hunger Games
Tribute of 75th Hunger Games
Brutus
51.2%
Winner of unknown Hunger Games
Tribute of 75th Hunger Games
Cashmere
49.4%
Winner of 45th Hunger Games
Tribute of 75th Hunger Games
Chaff
45.1%
Winner of unknown Hunger Games
Tribute of 75th Hunger Games
Seeder
38.8%
Tribute of 50th Hunger Games Maysilee Donner
32.6%
Winner of unknown Hunger Games
Tribute of 75th Hunger Games
Blight
31.9%
Winner of unknown Hunger Games
Tribute of 75th Hunger Games
Woof
31.2%
Winner of unknown Hunger Games
Tribute of 75th Hunger Games
Cecelia
29.4%
Winner of Unknown Games Lyme
21.6%
Tribute of Unknown GamesTitus
18.8%

You're not logged in!

Compare scores with friends on all Sporcle quizzes.
OR
Log In

Sporcle TV

Today on Sporcle TV


Watch our educational content, quiz creation guides, and fun videos on Sporcle TV.

Show Comments

Extras

Top Quizzes Today


Score Distribution

Paid Content

Your Account Isn't Verified!

In order to create a playlist on Sporcle, you need to verify the email address you used during registration. Go to your Sporcle Settings to finish the process.

Report this User

Report this user for behavior that violates our Community Guidelines.

Details: